Analýza vplyvu devalvácie na dôchodky obyvateľstva

Vplyv devalvácie na pracovný dôchodok obyvateľstva z hľadiska pohybu cien dovážaného tovaru - zhoršovanie životnej úrovne obyvateľstva. Reálny pracovný dôchodok obyvateľstva. Index spotrebiteľských cien domáceho a zahraničného tovaru. 2 spôsoby vplyvu devalvácie na úroveň dôchodkov obyvateľstva: pri...

Descrizione completa

Salvato in:
Dettagli Bibliografici
Autore principale: Ivaničová, Zlatica
Altri autori: Rublíková, Eva
Natura: Capitolo di libro
Lingua:slovacco
Soggetti:
Tags: Aggiungi Tag
Nessun Tag, puoi essere il primo ad aggiungerne!!

MARC

LEADER 00000naa a2200000 4500
001 r024068
005 20221205090121.4
041 0 |a slo 
044 |a SK 
245 1 0 |a Analýza vplyvu devalvácie na dôchodky obyvateľstva  |c Zlatica Ivaničová, Eva Rublíková 
520 |a Vplyv devalvácie na pracovný dôchodok obyvateľstva z hľadiska pohybu cien dovážaného tovaru - zhoršovanie životnej úrovne obyvateľstva. Reálny pracovný dôchodok obyvateľstva. Index spotrebiteľských cien domáceho a zahraničného tovaru. 2 spôsoby vplyvu devalvácie na úroveň dôchodkov obyvateľstva: priamy dovoz výrobkov, výrobky, pri výrobe ktorých sa používajú suroviny dovezené zo zahraničia. 
610 2 0 |a devalvácia 
610 2 0 |a dôchodky obyvateľstva 
610 2 0 |a indexy cenové 
610 2 0 |a ceny 
610 2 0 |a spotreba obyvateľstva 
610 2 0 |a kurz menový 
610 2 0 |a modely 
610 2 0 |a úroveň životná 
610 2 0 |a mzdy 
100 1 |a Ivaničová, Zlatica 
700 1 |a Rublíková, Eva